Southville International School and Colleges
Your cart is empty.
  • Cart
  • Lists
    Public lists Eva Luna New books Lux_list list_1
    Your lists Log in to create your own lists
  • Log in to your account
  • Your cookies
  • Search history
Southville International School and Colleges
  • Advanced search
  • Recent comments
  • Most popular
  • Libraries

Log in to your account

Log in with GOOGLE


If you do not have an external account, but do have a local account, you can still log in:

  1. Home
  2. MARC view: Strategic organizational communication :
Normal view MARC view ISBD view

Strategic organizational communication : (Record no. 25248)

[ view plain ]
MARC details
000 -LEADER
fixed length control field 00711nam a2200229 a 4500
005 - DATE AND TIME OF LATEST TRANSACTION
control field 20140310183611.0
008 - FIXED-LENGTH DATA ELEMENTS--GENERAL INFORMATION
fixed length control field 120825s19uu xx 00 eng d
020 ## - INTERNATIONAL STANDARD BOOK NUMBER
International Standard Book Number 0534636217
050 ## - LIBRARY OF CONGRESS CALL NUMBER
Classification number HD 30.3
Item number .C655 2005
100 ## - MAIN ENTRY--PERSONAL NAME
Personal name Conrad, Charles
245 ## - TITLE STATEMENT
Title Strategic organizational communication :
Remainder of title in a global economy /
Statement of responsibility, etc Charles Conrad, Marshell Scott Poole
250 ## - EDITION STATEMENT
Edition statement 6th ed.
260 ## - PUBLICATION, DISTRIBUTION, ETC. (IMPRINT)
Place of publication, distribution, etc U.S.A :
Name of publisher, distributor, etc Wadsworth,
Date of publication, distribution, etc 2005.
300 ## - PHYSICAL DESCRIPTION
Extent xii, 484 p. :
Other physical details ill. ;
Dimensions 24 cm.
521 ## - TARGET AUDIENCE NOTE
Target audience note
650 ## - SUBJECT ADDED ENTRY--TOPICAL TERM
Topical term or geographic name as entry element Communication in organization
650 ## - SUBJECT ADDED ENTRY--TOPICAL TERM
Topical term or geographic name as entry element Communication in management
650 ## - SUBJECT ADDED ENTRY--TOPICAL TERM
Topical term or geographic name as entry element Communication
General subdivision Social aspects
700 ## - ADDED ENTRY--PERSONAL NAME
Personal name Poole, Marshall Scott
942 ## - ADDED ENTRY ELEMENTS (KOHA)
Koha item type Books
Source of classification or shelving scheme Library of Congress Classification
Call number prefix Foreign
Holdings
Withdrawn status Lost status Source of classification or shelving scheme Damaged status Home library Current library Shelving location Date acquired Total Checkouts Full call number Barcode Date last seen Copy number Price effective from Koha item type
    Library of Congress Classification   College Library College Library General Circulation Section 08/25/2012   HD 30.3 .C655 2005 C15244 05/15/2018 1 03/10/2014 Books

Strategic organizational communication :

APA

Conrad C., Poole M. S., . (2005). Strategic organizational communication. U.S.A: Wadsworth.

Chicago

Conrad Charles, Poole Marshall Scott, . 2005. Strategic organizational communication. U.S.A: Wadsworth.

Harvard

Conrad C., Poole M. S., . (2005). Strategic organizational communication. U.S.A: Wadsworth.

MLA

Conrad Charles, Poole Marshall Scott, . Strategic organizational communication. U.S.A: Wadsworth. 2005.

  • Place hold
  • Print
  • Cite
  • Add to your cart (remove)
  • Save record
    BIBTEX Dublin Core MARCXML MARC (non-Unicode/MARC-8) MARC (Unicode/UTF-8) MARC (Unicode/UTF-8, Standard) MODS (XML) RIS
  • More searches
    Search for this title in:
    Other Libraries (WorldCat) Other Databases (Google Scholar) Online Stores (Bookfinder.com) Open Library (openlibrary.org)

Exporting to Dublin Core...

SOUTHVILLE LIBRARY

Southville International School and Colleges Library

1281 Tropical Ave. Cor. Luxembourg St., BF Homes International, Las Pinas City

Tel. No. 8256374 / 252358 Loc. 117/146

Powered by Koha